Statistiques concernant Effectif détaillé du RC Strasbourg Alsace saison 2023-2024

Cliquez ici pour prendre le quiz!

Statistiques générales

  • Ce quiz a été pris 39 fois
  • Le résultat moyen est 15 sur 30

Statistiques - réponses

NationalitéAncien clubPosteNuméroRéponse% Correct
FranceCrystal PalaceCoachPatrick Vieira
90%
BelgiqueNewcastle UnitedGardien1Matz Sels
84%
FranceOlympique de MarseilleDéfenseur5Lucas Perrin
68%
FranceValence CFAttaquant9Kevin Gameiro
65%
FranceGirondins de BordeauxAttaquant26Dilane Bakwa
61%
FranceAston VillaDéfenseur2Frederic Guilbert
61%
Afrique du SudLOSC LilleAttaquant12Lebo Mothiba
61%
FranceFC MetzDéfenseur3Thomas Delaine
61%
MarocFormé au RCSAGardien36Alaa Bellaarouch
58%
HaïtiFormé au RCSAGardien30Alexandre Pierre
58%
FranceFormé au RCSAMilieu19Habib Diarra
55%
FranceGirondins de BordeauxDéfenseur18Junior Mwanga
55%
GuinéeAS Saint-EtienneDéfenseur13Saïdou Sow
55%
Côte d'IvoireClub Bruges KVDéfenseur24Abakar Sylla
52%
FranceValenciennes FCDéfenseur29Ismaël Doukouré
52%
FranceSM CaenMilieu7Jessy Deminguet
52%
PologneLechia GdanskDéfenseur4Karol Fila
52%
Pays-BasSturm GrazAttaquant10Emanuel Emegha
48%
FranceStade Rennais FCDéfenseur22Gerzino Nyamsi
48%
Côte d'IvoireAS MonacoMilieu6Jean Eudes Aholou
48%
Côte d'IvoireAfrique Football EliteAttaquant11Moïse Sahi
48%
FranceStade BrestoisMilieu27Ibrahima Sissoko
45%
UkraineClub Bruges KVDéfenseur77Eduard Sobol
42%
Bosnie-HerzégovineLevante UDMilieu14Sanjin Prcic
42%
FranceFormé au RCSADéfenseur28Marvin Senaya
39%
FranceRC LensMilieu17Jeanricner Bellegarde
35%
FranceFormé au RCSADéfenseur39Maxime Bastian
19%
FranceRed Star FCMilieu21Mehdi Chahiri
19%
FranceFormé au RCSADéfenseur25Steven Baseya
16%
BrésilChelsea FC*Attaquant23Angelo Borges
6%

Distribution des résultats

Percentile par nombre de réponses

% des personnes avec chaque résultat

Votre développement - résultats

Vous n’avez pas pris ce quiz